Statistiques concernant crypto name

Cliquez ici pour prendre le quiz!

Statistiques générales

  • Ce quiz a été pris 40 fois
  • Le résultat moyen est 11 sur 42

Statistiques - réponses

HintRéponse% Correct
ethereumeth
100%
avalancheavax
72%
chilizchz
59%
sushiswapsushi
56%
trontrx
53%
ethereum classicetc
50%
vechainvet
47%
curvecrv
44%
polygonmatic
44%
axie infinityaxs
41%
the graphgrt
41%
kusamaksm
41%
decentralandmana
38%
sandboxsand
38%
cosmosatom
34%
ultrauos
31%
serumsrm
25%
swissborgchsb
22%
harmonyone
22%
convexcvx
19%
raydiumray
19%
reserve rightrsr
19%
ternoacaps
16%
yearn.financeyfi
16%
orionorn
13%
crabadacra
9%
dopexdpx
9%
oasis networkrose
9%
secret networkscrt
9%
bancorbnt
6%
penguin financepefi
6%
swipesxp
6%
synapsesyn
6%
fees.wtfwtf
6%
yieldyakyak
6%
0xzrx
6%
spookyswapboo
3%
paintswapbrush
3%
hathorhtr
3%
popsicle financeice
3%
liquidity driverlqdr
3%
wonderlandtime
3%

Distribution des résultats

Percentile par nombre de réponses

% des personnes avec chaque résultat

Votre développement - résultats

Vous n’avez pas pris ce quiz